|
|
|
|
| LEADER |
00000nam0a2200000 4500 |
| 001 |
371405 |
| 005 |
20231102012357.0 |
| 035 |
|
|
|a (RuTPU)RU\TPU\retro\28815
|
| 090 |
|
|
|a 371405
|
| 100 |
|
|
|a 20221017d1978 k y0rusy50 ca
|
| 101 |
0 |
|
|a rus
|
| 102 |
|
|
|a RU
|
| 105 |
|
|
|a a z 001zy
|
| 200 |
1 |
|
|a Чувствительность жидких взрывчатых систем к удару
|f А. В. Дубовик, В. К. Боболев
|g Академия наук СССР, Институт химической физики им. Н. Н. Семенова
|
| 210 |
|
|
|a Москва
|c Наука
|d 1978
|
| 215 |
|
|
|a 232 с.
|c ил.
|
| 320 |
|
|
|a Библиогр.: с. 226-230
|
| 606 |
1 |
|
|a Взрывчатые вещества, жидкие
|x Детонация
|2 stltpush
|3 (RuTPU)RU\TPU\subj\32963
|9 55335
|
| 610 |
1 |
|
|a химическая технология
|
| 610 |
1 |
|
|a жидкие взрывчатые вещества
|
| 610 |
1 |
|
|a удар
|
| 610 |
1 |
|
|a диссипация
|
| 610 |
1 |
|
|a динамика
|
| 610 |
1 |
|
|a схлопывание
|
| 610 |
1 |
|
|a газовые включения
|
| 610 |
1 |
|
|a кавитационные пузырьки
|
| 610 |
1 |
|
|a слабые ударные волны
|
| 610 |
1 |
|
|a детонация
|
| 610 |
1 |
|
|a взрывы
|
| 675 |
|
|
|a 662.2
|v 4
|
| 700 |
|
1 |
|a Дубовик
|b А. В.
|g Александр Владимирович
|
| 701 |
|
1 |
|a Боболев
|b В. К.
|g Василий Константинович
|
| 712 |
0 |
2 |
|a Академия наук СССР
|b Институт химической физики им. Н. Н. Семенова
|c (Москва)
|2 stltpush
|3 (RuTPU)RU\TPU\col\1482
|9 23568
|
| 801 |
|
1 |
|a RU
|b 63413507
|c 20221017
|
| 942 |
|
|
|c BK
|